ბათუმის შოთა რუსთაველის სახელმწიფო უნივერსიტეტის ბიბლიოთეკა

თხილის ბაღის სხვლა–ფორმირება : (ბიბ.ჩანაწერი № 37482)

000 -ლიდერი
ფიქსირებული სიგრძის საკონტროლო ველი 01016nam a2200217Ia 4500
001 - საკონტროლო ნომერი
საკონტროლო ველი 3444
003 - საკონტროლო ნომრის იდენტიფიკატორი
საკონტროლო ველი GE_BSU
005 - ბოლო ოპერაციის თარიღი და დრო
საკონტროლო ველი 20190617215412.0
008 - ფიქსირებული სიგრძის მონაცემთა ელემენტები - ზოგადი ინფორმაცია
ფიქსირებული სიგრძის საკონტროლო ველი 181216s2010||||ge |||||||||||||| ||geo||
040 ## - კატალოგიზაციის წყარო
Transcribing agency GE_BSU
041 ## - ენის კოდი
Language code of text/sound track or separate title geo
080 ## - უნივერსალური ათობითი კლასიფიკაციის ინდექსი
Universal Decimal Classification number 634.5 გ–65
100 ## - მთავარი ჩანაწერი - პიროვნების სახელი
Personal name გოლიაძე, ვ.
9 (RLIN) 2534
245 ## - ცნობა სათაურის შესახებ
Title თხილის ბაღის სხვლა–ფორმირება :
Remainder of title სამახსოვრო ფერმერთათვის /
Statement of responsibility, etc გოლიაძე, ვ. ჯაყელი, ე.ჩაის, სუბტროპიკული კულტურების და ჩაის მრეწველობის ინ–ტი.
264 ## - წარმოების, გამოცემის, დისტრიბუციის და სხვა ცნობები
გამოცემის, წარმოების, დისტრიბუციის... ადგილი ოზურგეთი :
გამოცემის, წარმოების, დისტრიბუციის... სახელწოდება მერიდიანი,
გამოცემის, წარმოების, დისტრიბუციის... თარიღი 2010.
300 ## - ფიზიკური აღწერა
Extent 15 გვ. ;
Other physical details 19 სმ.
653 ## - INDEX TERM--UNCONTROLLED
Uncontrolled term უბტროპიკული კულტურები
653 ## - INDEX TERM--UNCONTROLLED
Uncontrolled term ჩაის კულტურა
700 ## - ADDED ENTRY--PERSONAL NAME
Personal name ჯაყელი, ე.
Relator term ავტორი
9 (RLIN) 2535
942 ## - ADDED ENTRY ELEMENTS (KOHA)
Koha item type წიგნი
Source of classification or shelving scheme
ეგზემპლარები
ჩამოწერის სტატუსი დაკარგული ეგზემპლარის სტატუსი კლასიფიკაციის წყარო ან თაროზე გაწყობის სქემა დაზიანების სტატუსი არ გაიცემა მუდმივი მდებარეობა (დაცვის ადგილი) ამჟამინდელი ადგილსამყოფელი თაროზე განთავსების ადგილი შეძენის თარიღი სრული შენახვის შიფრი შტრიხკოდი ბოლო ოპერაციის თარიღი ეგზემპლარის მიმდევრობითი ნომერი (კეტერი?) ფასის ძალაში შესვლის თარიღი ეგზემპლარის სახეობა საჯარო შენიშვნა
          ბათუმის შოთა რუსთაველის სახელმწიფო უნივერსიტეტის მთავარი ბიბლიოთეკა ბათუმის შოთა რუსთაველის სახელმწიფო უნივერსიტეტის მთავარი ბიბლიოთეკა წიგნსაცავი 2018-12-17 634.5 გ–65 4950 2018-12-17 4950 2018-12-17 წიგნი
          ბათუმის შოთა რუსთაველის სახელმწიფო უნივერსიტეტის მთავარი ბიბლიოთეკა ბათუმის შოთა რუსთაველის სახელმწიფო უნივერსიტეტის მთავარი ბიბლიოთეკა წიგნსაცავი 2018-12-17 634.5 გ–65 4951 2018-12-17 4951 2018-12-17 წიგნი